Iglesia y sociedad en Paraguay en el siglo XVIII / (Record no. 94290)

MARC details
000 -LEADER
campo de control de longitud fija 01574cam a2200445 i 4500
001 - NÚMERO DE CONTROL
campo de control 55682
005 - FECHA Y HORA DE LA ÚLTIMA TRANSACCIÓN
campo de control 20230410142348.0
008 - DATOS DE LONGITUD FIJA--INFORMACIÓN GENERAL
campo de control de longitud fija 770601s1976 sp b 001 0 spa
010 ## - NÚMERO DE CONTROL DE LA BIBLIOTECA DEL CONGRESO
Número de control de LC 77463578
035 ## - NÚMERO DE CONTROL DEL SISTEMA
Número de control de sistema (OCoLC)ocm03070024
040 ## - FUENTE DE CATALOGACIÓN
Centro catalogador/agencia de origen DLC
Centro/agencia transcriptor DLC
Centro/agencia modificador PL#
-- UBA
015 ## - NÚMERO DE BIBLIOGRAFÍA NACIONAL
Número de bibliografía nacional Sp76-Oct
020 ## - NÚMERO INTERNACIONAL ESTÁNDAR DEL LIBRO
Número Internacional Estándar del Libro 8400034775 :
Condiciones de disponibilidad 196ptas
020 ## - NÚMERO INTERNACIONAL ESTÁNDAR DEL LIBRO
Número Internacional Estándar del Libro 9788400034771
029 1# - OTRO NÚMERO DE CONTROL DE SISTEMA (OCLC)
Identificador de la biblioteca OCLC NLGGC
Número de control de sistema 853932239
029 1# - OTRO NÚMERO DE CONTROL DE SISTEMA (OCLC)
Identificador de la biblioteca OCLC AU@
Número de control de sistema 000000883001
035 ## - NÚMERO DE CONTROL DEL SISTEMA
Número de control de sistema (OCoLC)3070024
043 ## - CÓDIGO DE ÁREA GEOGRÁFICA
Código de área geográfica s-py---
050 14 - SIGNATURA TOPOGRÁFICA DE LA BIBLIOTECA DEL CONGRESO
Número de clasificación BX1482.2
Número de ítem M827i 1976
092 ## - ASIGNACIÓN LOCAL DE SIGNATURA TOPOGRÁFICA DEWEY (OCLC)
Número de clasificación 282.892
Número de ítem M8272i
049 ## - FONDOS LOCALES (OCLC)
Biblioteca depositaria GRAL
100 1# - ENTRADA PRINCIPAL--NOMBRE DE PERSONA
Nombre de persona Mora Mérida, José Luis.
245 10 - MENCIÓN DEL TÍTULO
Título Iglesia y sociedad en Paraguay en el siglo XVIII /
Mención de responsabilidad, etc. José Luis Mora Mérida.
260 ## - PUBLICACIÓN, DISTRIBUCIÓN, ETC.
Lugar de publicación, distribución, etc. Sevilla :
Nombre del editor, distribuidor, etc. Escuela de Estudios Hispanoamericanos de Sevilla,
Fecha de publicación, distribución, etc. 1976.
300 ## - DESCRIPCIÓN FÍSICA
Extensión x, 162 p. ;
Dimensiones 19 cm.
490 1# - MENCIÓN DE SERIE
Mención de serie Publicaciones de la Escuela de Estudios Hispanoamericanos de Sevilla ; 235
504 ## - NOTA DE BIBLIOGRAFÍA, ETC.
Nota de bibliografía, etc. Includes bibliographical references and index.
610 20 - PUNTO DE ACCESO ADICIONAL DE MATERIA--NOMBRE DE ENTIDAD CORPORATIVA
Nombre de entidad corporativa o nombre de jurisdicción como elemento de entrada Catholic Church
Subdivisión geográfica Paraguay
Subdivisión general History.
651 #0 - PUNTO DE ACCESO ADICIONAL DE MATERIA--NOMBRE GEOGRÁFICO
Nombre geográfico Paraguay
Subdivisión general Church history.
651 #0 - PUNTO DE ACCESO ADICIONAL DE MATERIA--NOMBRE GEOGRÁFICO
Nombre geográfico Paraguay
Subdivisión general Social conditions.
653 ## - TÉRMINO DE INDIZACIÓN--NO CONTROLADO
Término no controlado Iglesia Católica
-- Paraguay
-- Historia.
653 ## - TÉRMINO DE INDIZACIÓN--NO CONTROLADO
Término no controlado Paraguay
-- Historia religiosa.
653 ## - TÉRMINO DE INDIZACIÓN--NO CONTROLADO
Término no controlado Paraguay
-- Condiciones sociales.
650 #7 - PUNTO DE ACCESO ADICIONAL DE MATERIA--TÉRMINO DE MATERIA
Término de materia o nombre geográfico como elemento de entrada Igreja católica (história)
Subdivisión cronológica Século 18
Subdivisión geográfica Paraguai.
Fuente del encabezamiento o término larpcal
830 #0 - PUNTO DE ACCESO ADICIONAL DE SERIE-TÍTULO UNIFORME
Título uniforme Publicaciones de la Escuela de Estudios Hispano-Americanos de la Universidad de Sevilla ;
Designación de volumen o secuencia 235.
938 ## -
-- Puvill Libros
-- PUVL
-- 8400034775
-- $34.54
942 ## - ELEMENTOS DE ENTRADA SECUNDARIOS (KOHA)
Fuente del sistema de clasificación o colocación Clasificación de Library of Congress
Tipo de ítem Koha
946 ## - PROCESAMIENTO DE INFORMACIÓN LOCAL (OCLC)
a mjcruz
994 ## -
-- C0
-- DRFGD
Holdings
Estatus retirado Estado de pérdida Fuente del sistema de clasificación o colocación Estado de daño No para préstamo Colección Biblioteca de origen Biblioteca actual Ubicación en estantería Fecha de adquisición Serial enumeration / chronology Signatura topográfica completa Código de barras Visto por última vez Copia número Tipo de ítem Koha
    Clasificación de Library of Congress     Humanidades Biblioteca Juan Bosch Biblioteca Juan Bosch Humanidades (4to. Piso) 10/04/2023 1 BX1482.2 M827i 1976 00000055775 17/11/2018 1